MDQL
is popping MORE tags! Check the
thread
!
Quizzes
Events
Quiz Creation
Community
Videos
Private Events
Remove Ads
Sign In
Join for FREE
Feedback
Dark Mode
Quiz Categories
Sports
Geography
Music
Movies
Television
Just For Fun
Miscellaneous
History
Literature
Language
Science
Gaming
Entertainment
Religion
Holiday
For Kids
Quiz Lab
Recent
Popular Today
Quiz Kudos Today
Editor Picks
Curator Picks
Quizzes by...
Day
Popularity
Type
Ratings
Length
Year
Community
Subscriptions
Recent Discussions
Orange Saloon
Badges
Playlists
Quests
Create
Leaderboards
Showdown
Live 5
Trivia Bingo
Activity
Puzzle Library
Sporcle Events
Private Events
Virtual Trivia
Globe League
Become a Host
Pub Owners
SporcleCon
Opinionation
Our Games
Videos
Blog
Mobile Apps
Partnerships
Remove Ads and Go Orange
Feedback
Sports
Athletes
MLB
NBA
NHL
NFL
Soccer
Sports Teams
WWE
NCAA
Football
Premier League
Basketball
Baseball
Hockey
Golf
Tennis
Cricket
Rugby
Auto Racing
Olympics
World Cup
Sports
Athletes
MLB
NBA
NHL
NFL
Soccer
Sports Teams
WWE
NCAA
Football
Premier League
Basketball
Baseball
Hockey
Golf
Tennis
Cricket
Rugby
Auto Racing
Olympics
World Cup
Random Quiz
Search Sporcle
×
Quiz Lab
Quiz Lab
Sports
Type in answers that appear in a list
Type in answers that appear in a list
Classic
Best Score? Go Orange.
2007 NHL Entry Draft Stats
Can you name the players drafted in the 2007 NHL Entry Draft?
By
breloom
10m
30 Questions
233 Plays
233 Plays
233 Plays
Comments
Comments
Give Quiz Kudos
Give Quiz Kudos
-
- Ratings
hide this ad
Replay
Link that replays current quiz
Next Quiz
Link to next quiz in quiz playlist
You Got
0%
They Got
Avg Score
55%
Avg Friend Score
Upgrade to see
Score Distribution
Jump to the score distribution portion of the page
Score
0/30
Timer
10:00
0
Plays Today
Team
Player
% Correct
Chicago
Patrick Kane
99.6%
Philadelphia
James Van Riemsdyk
90.6%
Phoenix
Kyle Turris
85.4%
Edmonton
Sam Gagner
80.7%
Washington
Karl Alzner
77.3%
Los Angeles
Thomas Hickey
68.7%
San Jose
Logan Couture
68.2%
Columbus
Jakub Voracek
67.4%
Carolina
Brandon Sutter
61.8%
St. Louis
Lars Eller
60.1%
Boston
Zach Hamill
57.5%
Mtl. Canadiens
Ryan McDonagh
55.8%
Colorado
Kevin Shattenkirk
55.8%
Florida
Keaton Ellerby
55.4%
St. Louis
David Perron
53.2%
Team
Player
% Correct
Pittsburgh
Angelo Esposito
51.9%
Mtl. Canadiens
Max Pacioretty
49.8%
St. Louis
Ian Cole
48.1%
NY Rangers
Alexei Cherepanov
46.8%
Edmonton
Alex Plante
45.9%
Calgary
Mikael Backlund
45.9%
Detroit
Brendan Smith
45.1%
Edmonton
Riley Nash
44.2%
Nashville
Jonathan Blum
42.5%
Minnesota
Colton Gillies
40.8%
Vancouver
Patrick White
39.1%
Anaheim
Logan MacMillan
36.9%
San Jose
Nick Petrecki
36.1%
Ottawa
Jim O'Brien
34.8%
Phoenix
Nick Ross
32.6%
Quiz Playlist
Details
Report
Send in Message
Add To Playlist
Classic:
Type in answers that appear in a list
Quiz Source
Last Updated: Feb 16, 2017
Quiz Scoreboard
CHALLENGE
Sign Up to Join the Scoreboard
Show All
Scores
Hide
Comments
May contain spoilers
Recently Published
Two Season TV Shows II
by 123Four
Television
10m
Image Sorting: Flags VI
by Barbecue
Geography
2m
Find the 'City' Movie
by crazypaving
Movies
60s
More to Explore
Quiz From the Vault
Featured Blog Post
14 Easter Pick-up Lines to Find Eggs With
hide this ad
You Might Also Like...
Tags
This quiz does not have any tags.
Today's Top Quizzes in Sports
Browse Sports
hide this ad
Top Contributed Quizzes in Sports
1
Les meilleurs buteurs des matchs entre le PSG et l’OM
2
Les entraîneurs de l'OM et du PSG au 21e siècle
3
2022 World Cup Stars
4
Les joueurs passés par le PSG et l'OM
5
Players with Multiple 50 Home Run Seasons
6
Criteria MLB: Left Handed Sluggers
7
FIFA Club World Cup Champions
8
Les joueurs passés par le LOSC et le RC Lens
9
NBA Logic Puzzle 2.0
10
Top 10 NHL Goal Scorers of All Time
Explore More
Trending Topics
Crossword
NBA
Disney
Harry Potter
Marvel
Kpop
Anime
The Office
NFL
Country
WWE
Puzzle
Song
Soccer
Pokémon
hide this ad
More By:
breloom
Quiz
Plays
Rating
Category
Featured
Created
NHL Lester B. Pearson Award
752
4.25
Sports
Dec 4, 2009
2008 NHL Entry Draft
659
4.00
Sports
Dec 30, 2009
2005 NHL Entry Draft
581
Sports
Apr 3, 2010
2007 NHL Entry Draft
233
Sports
Mar 10, 2010
2009 NHL Entry Draft
199
Sports
Mar 8, 2010
Go to Creator's Profile
Score Distribution
Quiz Creator Spotlight
breloom
Follow
Send a Message
Quizzes Created
-
Created Quiz Play Count
-
More By This Creator
Popular Quizzes Today
1
Colored Red Africa Blitz
2
Find the US States - No Outlines Minefield
3
Find the 'City' Movie
4
5x2 Blitz: Bands
5
The Countries of the World
6
Find the US States
7
Find the Countries of Europe - No Outlines Minefield
8
US States
More Sports Quizzes
Big Four MVPs of the 2010s
Published
Trending Quizzes
Colored Red Europe Blitz I
Colored Red Africa Blitz II
Colored Red Europe Blitz II
Colored Red Africa Blitz III
Colored Red Europe Blitz III
Recently Updated
How Do You Spell That?
pecheneg
Godzilla Movies
pecheneg
Grab Bag: 4-10 Letters
pecheneg
2024 March Madness Bracket
pecheneg
Famous TV Couples
Peacemaker
Champions League XIs: Real Madrid
pecheneg
Largest US Cities 1790-2010
pecheneg
Rides in Walt Disney World
pecheneg
Most Oscar Losses (Acting)
pecheneg
Beyoncé Albums
pecheneg
Trending Topics
Marvel
Anime
Disney
Kpop
Harry Potter
Crossword
NBA
WWE
The Office
NFL
Soccer
Puzzle
Country
Song
Pokémon
Your Account Isn't Verified!
In order to create a playlist on Sporcle, you need to verify the email address you used during registration. Go to your
Sporcle Settings
to finish the process.
Report this User
Report this user for behavior that violates our
Community Guidelines
.
Details:
Send Report
Go to the Sporcle.com Mobile Site →
Comments